Komunálne právo

Salvato in:
Dettagli Bibliografici
Autore principale: Tekeli, Jozef
Altri autori: Tomaš, Lukáš
Natura: Libro
Lingua:slovacco
Pubblicazione: Praha Wolters Kluwer ČR 2022
Edizione:1. vydanie
Soggetti:
Tags: Aggiungi Tag
Nessun Tag, puoi essere il primo ad aggiungerne!!

MARC

LEADER 00000nam a2200000 4500
001 0296441
005 20240416114211.1
020 |a 978-80-7676-584-9 
041 0 |a slo 
044 |a CZ 
245 1 0 |a Komunálne právo  |c Jozef Tekeli, Lukáš Tomaš 
250 |a 1. vydanie 
264 1 |a Praha  |b Wolters Kluwer ČR  |c 2022 
300 |a 293 s. 
610 2 0 |a politika komunálna 
610 2 0 |a právo verejné 
610 2 0 |a samospráva 
610 2 0 |a financovanie 
610 2 0 |a rozpočty verejné 
610 2 0 |a obce 
610 2 0 |a účet záverečný štátny 
610 2 0 |a štruktúra organizačná 
610 2 0 |a vyššie územné celky 
610 2 0 |a kontrola verejná 
610 2 0 |a kontrolóri 
100 1 |a Tekeli, Jozef 
700 1 |a Tomaš, Lukáš